[Event "Sinquefield Cup 2019"]
[Site "Saint Louis USA"]
[Date "2019.08.26"]
[Round "9"]
[White "Vachier Lagrave, M."]
[Black "Nakamura, Hi"]
[Result "1/2-1/2"]
[WhiteElo "2778"]
[BlackElo "2743"]
[PlyCount "117"]
[EventDate "2019.08.17"]

1. e4 c6 2. Nf3 d5 3. Nc3 Nf6 4. e5 Ne4 5. Ne2 Qb6 6. d4 e6 7. Ng3 c5 8. Bd3
Nxg3 9. fxg3 cxd4 10. O-O Nc6 11. Qe2 h6 12. a3 Bd7 13. g4 Be7 14. b4 a6 15.
Rb1 Na7 16. Bb2 Nb5 17. Qf2 Qc7 18. Nxd4 O-O 19. Ne2 f6 20. Qe3 fxe5 21. Bxe5
Bd6 22. Bxd6 Nxd6 23. g5 Nf5 24. Bxf5 exf5 25. gxh6 Rae8 26. Qd2 Qb6+ 27. Nd4
Qxh6 28. Qxh6 gxh6 29. Rf3 Re4 30. c3 Kg7 31. h3 h5 32. Rbf1 Kg6 33. g3 Rc8 34.
Kh2 b6 35. h4 f4 36. gxf4 Bg4 37. Rd3 Kf6 38. Rf2 Re7 39. Nf3 Bf5 40. Rxd5 Rxc3
41. Ng5 Rc6 42. a4 Rec7 43. b5 axb5 44. axb5 Rc2 45. Kg2 Rxf2+ 46. Kxf2 Rc2+
47. Ke3 Rc3+ 48. Kd2 Rc2+ 49. Kd1 Rc4 50. Rd6+ Ke7 51. Rxb6 Rxf4 52. Rb7+ Bd7
53. Kd2 Rxh4 54. Ke3 Rb4 55. Ne4 Rxb5 56. Rxb5 Bxb5 57. Ng3 h4 58. Nf5+ Kf6 59.
Nxh4 1/2-1/2

[Event "Sinquefield Cup 2019"]
[Site "Saint Louis USA"]
[Date "2019.08.27"]
[Round "10"]
[White "Aronian, L."]
[Black "Ding Liren"]
[Result "1/2-1/2"]
[WhiteElo "2765"]
[BlackElo "2805"]
[PlyCount "85"]
[EventDate "2019.08.17"]

1. e4 e5 2. Nf3 Nc6 3. Bc4 Nf6 4. Ng5 d5 5. exd5 Na5 6. Bb5+ c6 7. dxc6 bxc6 8.
Bd3 Nd5 9. Nf3 Bd6 10. O-O Nf4 11. Nc3 Nxd3 12. cxd3 O-O 13. b3 c5 14. Ba3 Nc6
15. Ne4 Nb4 16. Bxb4 cxb4 17. Re1 Bb8 18. Ng3 Qxd3 19. Nxe5 Bxe5 20. Rxe5 Be6
21. Re3 Qd4 22. Ne2 Qd6 23. d4 a5 24. h4 Rfd8 25. Qd2 a4 26. Rd1 axb3 27. axb3
Ra5 28. Rg3 Rf5 29. Ra1 Bd5 30. Qe3 h6 31. Rg4 Rf6 32. Ng3 Qe6 33. Qxe6 Bxe6
34. Re4 Bxb3 35. d5 Rb6 36. Rb1 Bxd5 37. Rexb4 Rxb4 38. Rxb4 Be6 39. f3 Ra8 40.
Kh1 Rd8 41. Kg1 Ra8 42. Kh1 Rd8 43. Kg1 1/2-1/2

[Event "Sinquefield Cup 2019"]
[Site "Saint Louis USA"]
[Date "2019.08.27"]
[Round "10"]
[White "Nepomniachtchi, I."]
[Black "Vachier Lagrave, M."]
[Result "0-1"]
[WhiteElo "2774"]
[BlackElo "2778"]
[PlyCount "92"]
[EventDate "2019.08.17"]

1. Nf3 c5 2. c4 Nf6 3. Nc3 d5 4. cxd5 Nxd5 5. e4 Nb4 6. Bb5+ N8c6 7. d4 cxd4 8.
a3 dxc3 9. Qxd8+ Kxd8 10. axb4 cxb2 11. Bxb2 f6 12. e5 Bd7 13. Bc4 e6 14. O-O
Be7 15. b5 Nxe5 16. Bxe5 fxe5 17. Rfd1 Ke8 18. Nxe5 Bc8 19. b6 Bc5 20. Bb5+ Ke7
21. Nd7 Bd6 22. Rac1 Rd8 23. Nc5 Bxc5 24. Rxd8 Kxd8 25. Rxc5 axb6 26. Rc1 Ra5
27. Rb1 Bd7 28. Bd3 h6 29. Rxb6 Ra1+ 30. Bf1 Kc7 31. Rb2 b5 32. f3 Kb6 33. Kf2
Bc6 34. Bc4 e5 35. Bd3 Ra3 36. Bb1 Rc3 37. Ke2 Rc4 38. Kd2 b4 39. Ba2 Rd4+ 40.
Kc1 e4 41. fxe4 Rxe4 42. g3 Bb5 43. Kd1 Kc5 44. Rf2 Bc4 45. Bb1 Re7 46. Kd2 Rf7
0-1

[Event "Sinquefield Cup 2019"]
[Site "Saint Louis USA"]
[Date "2019.08.27"]
[Round "10"]
[White "Karjakin, Sergey"]
[Black "Anand, V."]
[Result "1/2-1/2"]
[WhiteElo "2750"]
[BlackElo "2756"]
[PlyCount "70"]
[EventDate "2019.08.17"]

1. d4 Nf6 2. c4 e6 3. Nf3 d5 4. Nc3 Be7 5. Bf4 O-O 6. e3 b6 7. Be2 Ba6 8. cxd5
Nxd5 9. Nxd5 Qxd5 10. Bxc7 Qa5+ 11. Kf1 Bxe2+ 12. Qxe2 Nd7 13. h3 Rac8 14. Bg3
Rc6 15. Kg1 Rfc8 16. Kh2 Rc2 17. Qd3 g5 18. Rhb1 h5 19. Kg1 g4 20. hxg4 hxg4
21. Ne1 Rd2 22. Qe4 Nf6 23. Qb7 Re8 24. Rc1 Qf5 25. Rc7 Bd6 26. Rxf7 Bxg3 27.
Rg7+ Kh8 28. fxg3 Rf2 29. Nd3 Qxd3 30. Kxf2 Ne4+ 31. Kg1 Qxe3+ 32. Kh1 Qh6+ 33.
Kg1 Qe3+ 34. Kh1 Qh6+ 35. Kg1 Qe3+ 1/2-1/2

[Event "Sinquefield Cup 2019"]
[Site "Saint Louis USA"]
[Date "2019.08.27"]
[Round "10"]
[White "Mamedyarov, S."]
[Black "Caruana, F."]
[Result "1/2-1/2"]
[WhiteElo "2764"]
[BlackElo "2818"]
[PlyCount "74"]
[EventDate "2019.08.17"]

1. d4 Nf6 2. c4 e6 3. Nc3 Bb4 4. Qc2 O-O 5. e4 d5 6. e5 Ne4 7. Bd3 c5 8. Nf3
cxd4 9. Nxd4 Nd7 10. Bf4 Qh4 11. g3 Qh5 12. O-O g5 13. cxd5 Bxc3 14. bxc3 gxf4
15. dxe6 Nxe5 16. Bxe4 Ng4 17. exf7+ Rxf7 18. h4 fxg3 19. fxg3 Ne3 20. Qb3 Nxf1
21. Rxf1 Kg7 22. Rxf7+ Qxf7 23. Qb4 Bh3 24. Bf5 a5 25. Qb5 Bxf5 26. Nxf5+ Kf6
27. Nh6 Qg6 28. Qb6+ Kg7 29. Nf5+ Qxf5 30. Qxb7+ Qf7 31. Qxa8 Qxa2 32. c4 Qb1+
33. Kg2 Qc2+ 34. Kh3 Qf5+ 35. Kg2 Qc2+ 36. Kh3 Qf5+ 37. Kg2 Qc2+ 1/2-1/2

[Event "Sinquefield Cup 2019"]
[Site "Saint Louis USA"]
[Date "2019.08.27"]
[Round "10"]
[White "Nakamura, Hi"]
[Black "Giri, A."]
[Result "1/2-1/2"]
[WhiteElo "2743"]
[BlackElo "2779"]
[PlyCount "45"]
[EventDate "2019.08.17"]

1. d4 Nf6 2. c4 e6 3. Nf3 d5 4. Nc3 Bb4 5. Bd2 O-O 6. e3 b6 7. cxd5 exd5 8. Bd3
Bb7 9. O-O Bd6 10. Rc1 c5 11. Ne5 Nc6 12. Ng4 Nxg4 13. Qxg4 c4 14. Bb1 Ne7 15.
Nb5 f5 16. Qe2 a6 17. Nxd6 Qxd6 18. f3 b5 19. Be1 Ng6 20. Ba5 Ne7 21. Be1 Ng6
22. Ba5 Ne7 23. Be1 1/2-1/2

[Event "Sinquefield Cup 2019"]
[Site "Saint Louis USA"]
[Date "2019.08.28"]
[Round "11"]
[White "Ding, Liren"]
[Black "Mamedyarov, Shakhriyar"]
[Result "1/2-1/2"]
[WhiteElo "2805"]
[BlackElo "2764"]
[PlyCount "104"]
[EventDate "2019.08.17"]

1. d4 Nf6 2. c4 g6 3. g3 Bg7 4. Bg2 O-O 5. Nc3 c5 6. Nf3 d5 7. dxc5 Qa5 8. O-O
dxc4 9. Qd4 Nc6 10. Qxc4 Be6 11. Qh4 Qxc5 12. Be3 Qa5 13. Nd4 Nxd4 14. Qxd4 Nd5
15. Qc5 Qxc5 16. Bxc5 Rfc8 17. Bxd5 Rxc5 18. Bxe6 fxe6 19. Rfd1 Rac8 20. Rd7
R8c7 21. Rad1 Bxc3 22. Rxc7 Rxc7 23. bxc3 Kf7 24. Rb1 e5 25. Kf1 b6 26. Rb3 Rc5
27. a4 Ra5 28. Rb4 Rc5 29. Rb3 Rc4 30. Ra3 Ke6 31. Ke1 Kd5 32. Kd2 e4 33. Ra1
g5 34. Kc2 Ke5 35. a5 b5 36. a6 b4 37. Ra5+ Kf6 38. Rb5 Rxc3+ 39. Kd2 Ra3 40.
Rxb4 e3+ 41. fxe3 Rxa6 42. h4 h6 43. hxg5+ Kxg5 44. Re4 Kf6 45. Rh4 Kf5 46.
Rf4+ Ke5 47. g4 e6 48. Rf7 Ra2+ 49. Kd3 Ra3+ 50. Kd2 Ra2+ 51. Kd3 Ra3+ 52. Kd2
Ra2+ 1/2-1/2

[Event "Sinquefield Cup 2019"]
[Site "Saint Louis USA"]
[Date "2019.08.28"]
[Round "11"]
[White "Caruana, Fabiano"]
[Black "Karjakin, Sergey"]
[Result "1/2-1/2"]
[WhiteElo "2818"]
[BlackElo "2750"]
[PlyCount "103"]
[EventDate "2019.08.17"]

1. c4 Nf6 2. Nc3 e5 3. Nf3 Nc6 4. g3 Bb4 5. Nd5 Bc5 6. Bg2 d6 7. O-O O-O 8. e3
Re8 9. b3 Bg4 10. h3 Bh5 11. d3 a5 12. a3 Nxd5 13. cxd5 Ne7 14. g4 Bg6 15. d4
Bb6 16. dxe5 Be4 17. e6 fxe6 18. dxe6 Ng6 19. h4 Qf6 20. Ra2 Rf8 21. e7 Rf7 22.
h5 Bxf3 23. Bxf3 Qxf3 24. hxg6 hxg6 25. Qxf3 Rxf3 26. Kg2 Rf7 27. e4 Rxe7 28.
Re2 Kf7 29. Bb2 Rh8 30. f4 Ree8 31. f5 gxf5 32. Rxf5+ Kg6 33. Bc1 Rh4 34. Rg5+
Kh7 35. Bd2 c5 36. Be1 Rh6 37. Bg3 Rhe6 38. Kf3 Bd8 39. Rd5 Be7 40. a4 Kg6 41.
e5 Rf8+ 42. Kg2 Rc8 43. Kf3 dxe5 44. Rexe5 Rxe5 45. Bxe5 Bf6 46. Bf4 c4 47.
bxc4 Rxc4 48. Rxa5 Rc3+ 49. Ke4 Rc4+ 50. Kf3 Rc3+ 51. Ke4 Rc4+ 52. Kf3 1/2-1/2

[Event "Sinquefield Cup 2019"]
[Site "Saint Louis USA"]
[Date "2019.08.28"]
[Round "11"]
[White "Anand, Viswanathan"]
[Black "Nakamura, Hikaru"]
[Result "1/2-1/2"]
[WhiteElo "2756"]
[BlackElo "2743"]
[PlyCount "52"]
[EventDate "2019.08.17"]

1. e4 e5 2. Nf3 Nc6 3. Bb5 Nf6 4. O-O Nxe4 5. d4 Nd6 6. Bxc6 dxc6 7. dxe5 Nf5
8. Qxd8+ Kxd8 9. h3 Ke8 10. Nc3 h5 11. Bg5 Be6 12. Rfd1 Be7 13. Rd2 Rd8 14.
Rxd8+ Kxd8 15. Rd1+ Ke8 16. b3 h4 17. Ne2 Bd5 18. Bf4 Bxf3 19. gxf3 g6 20. Bc1
Ng7 21. Kg2 Ne6 22. Nd4 Kd7 23. Nf5+ Ke8 24. Nd4 Kd7 25. Nf5+ Ke8 26. Nd4 Kd7
1/2-1/2

[Event "Sinquefield Cup 2019"]
[Site "Saint Louis USA"]
[Date "2019.08.28"]
[Round "11"]
[White "Giri, Anish"]
[Black "Nepomniachtchi, Ian"]
[Result "1-0"]
[WhiteElo "2779"]
[BlackElo "2774"]
[PlyCount "153"]
[EventDate "2019.08.17"]

1. d4 Nf6 2. c4 g6 3. Nc3 d5 4. Bf4 Bg7 5. e3 O-O 6. Rc1 Be6 7. c5 c6 8. Bd3 b6
9. Na4 Nfd7 10. h3 bxc5 11. Nxc5 Nxc5 12. Rxc5 Qb6 13. Qc2 Rc8 14. Nf3 Nd7 15.
Rc3 c5 16. O-O c4 17. b3 Nc5 18. bxc4 Nxd3 19. c5 Nxc5 20. dxc5 Qa5 21. Nd4 Bd7
22. c6 Be8 23. Rc5 Qa6 24. Rxd5 Bxc6 25. Nxc6 Rxc6 26. Qd2 Bc3 27. Rd8+ Rxd8
28. Qxd8+ Kg7 29. Qxe7 Bf6 30. Be5 Qxa2 31. Ra1 Qe6 32. Bxf6+ Qxf6 33. Qxa7 Rc2
34. Rf1 h5 35. Qb7 Rb2 36. Qd5 Re2 37. Qf3 Qxf3 38. gxf3 Ra2 39. Rd1 Ra5 40.
Kg2 Rg5+ 41. Kh2 Rf5 42. f4 Ra5 43. Kg3 Ra2 44. Rd5 f5 45. Kf3 Kf6 46. Rd6+ Kg7
47. Rd1 Kf6 48. Re1 Rb2 49. Re2 Rb1 50. Kg3 Rg1+ 51. Kh2 Ra1 52. Rb2 Rc1 53.
Ra2 Rb1 54. Kg2 Re1 55. Rb2 Kg7 56. Kf3 Kf6 57. Re2 Rg1 58. Rd2 Re1 59. Kg2 Kg7
60. Ra2 Kf6 61. Ra3 Kf7 62. f3 Re2+ 63. Kg3 Kf6 64. Kh4 Re1 65. Ra6+ Kf7 66.
Kg5 Rg1+ 67. Kh6 Rg3 68. Ra7+ Kf6 69. e4 Rxf3 70. e5+ Ke6 71. Ra6+ Ke7 72. Ra4
Rg3 73. Ra7+ Ke6 74. Ra6+ Kf7 75. Rf6+ Ke7 76. Rxg6 Rxh3 77. Kg5 1-0

[Event "Sinquefield Cup 2019"]
[Site "Saint Louis USA"]
[Date "2019.08.28"]
[Round "11"]
[White "So, Wesley"]
[Black "Aronian, Levon"]
[Result "1/2-1/2"]
[WhiteElo "2776"]
[BlackElo "2765"]
[PlyCount "70"]
[EventDate "2019.08.17"]

1. d4 Nf6 2. c4 e6 3. Nf3 d5 4. g3 Be7 5. Bg2 O-O 6. O-O dxc4 7. Ne5 Nc6 8.
Bxc6 bxc6 9. Nxc6 Qe8 10. Nxe7+ Qxe7 11. Qa4 e5 12. dxe5 Qxe5 13. Nc3 Ne4 14.
Qxc4 Nxc3 15. bxc3 Be6 16. Bf4 Bxc4 17. Bxe5 Rfe8 18. Bxc7 Rxe2 19. a4 Rc8 20.
Bf4 Rc2 21. Rfc1 Rxc1+ 22. Rxc1 a5 23. Rb1 f6 24. Rb8 Rxb8 25. Bxb8 Bb3 26. Bc7
Bxa4 27. Bxa5 Kf7 28. f3 Ke6 29. Kf2 Kd5 30. Bb6 g6 31. Bd4 f5 32. Bh8 Bb5 33.
Bd4 Ba4 34. Bg7 Bb5 35. Bd4 Ba4 1/2-1/2

[Event "7th Sinquefield Cup TB"]
[Site "Saint Louis USA"]
[Date "2019.08.29"]
[Round "1"]
[White "Carlsen, Magnus"]
[Black "Ding, Liren"]
[Result "1/2-1/2"]
[WhiteElo "2873"]
[BlackElo "2792"]
[PlyCount "68"]
[EventDate "2019.08.29"]

1. d4 Nf6 2. c4 e6 3. Nf3 d5 4. Nc3 c6 5. g3 dxc4 6. Ne5 Nbd7 7. Nxc4 b5 8. Ne5
Nxe5 9. dxe5 Qxd1+ 10. Kxd1 Nd5 11. Ne4 Bb7 12. Bg2 c5 13. Bd2 Be7 14. Rc1 c4
15. Kc2 O-O-O 16. Rhd1 f5 17. Nd6+ Bxd6 18. exd6 Rxd6 19. Bxd5 exd5 20. Bc3 Re8
21. e3 g5 22. Rd4 Re4 23. Rh1 Rh6 24. h4 Kd7 25. a3 g4 26. Rxe4 fxe4 27. b4 Ra6
28. Kb2 h5 29. Rd1 Ke6 30. Rd2 Bc6 31. Bd4 Be8 32. Bc3 Bc6 33. Bd4 Be8 34. Bc3
Bc6 1/2-1/2

[Event "7th Sinquefield Cup TB"]
[Site "Saint Louis USA"]
[Date "2019.08.29"]
[Round "2"]
[White "Ding, Liren"]
[Black "Carlsen, Magnus"]
[Result "1/2-1/2"]
[WhiteElo "2792"]
[BlackElo "2873"]
[PlyCount "69"]
[EventDate "2019.08.29"]

1. d4 Nf6 2. c4 e6 3. g3 d5 4. Bg2 dxc4 5. Qa4+ Nbd7 6. Qxc4 a6 7. Be3 Bd6 8.
Nh3 O-O 9. O-O h6 10. Nc3 b5 11. Qb3 Rb8 12. Nf4 Bb7 13. Bxb7 Rxb7 14. Nd3 Qe7
15. Rac1 Rbb8 16. Rfd1 Rfc8 17. a3 c5 18. dxc5 Nxc5 19. Bxc5 Bxc5 20. Nxc5 Rxc5
21. Na2 a5 22. Qe3 Rxc1 23. Nxc1 b4 24. axb4 Qxb4 25. Nd3 Qd6 26. Rc1 Nd5 27.
Qd4 Qb6 28. Rc5 Qb3 29. Kg2 Qb7 30. f3 Qa6 31. Kf2 a4 32. Qc4 Qa7 33. Qd4 Qa6
34. Qc4 Qa7 35. Qd4 1/2-1/2

[Event "7th Sinquefield Cup TB"]
[Site "Saint Louis USA"]
[Date "2019.08.29"]
[Round "4"]
[White "Carlsen, Magnus"]
[Black "Ding, Liren"]
[Result "0-1"]
[WhiteElo "2873"]
[BlackElo "2792"]
[PlyCount "80"]
[EventDate "2019.08.29"]

1. e4 e5 2. Nf3 Nc6 3. Bb5 a6 4. Ba4 Nf6 5. O-O Be7 6. d3 b5 7. Bb3 d6 8. c3
Na5 9. Bc2 c5 10. d4 cxd4 11. cxd4 O-O 12. h3 Re8 13. d5 Bd7 14. Nc3 Qb8 15.
Bd3 Rc8 16. Ne2 Nb7 17. g4 Nc5 18. Ng3 Nxd3 19. Qxd3 b4 20. Re1 Qb5 21. Qd1 Rc7
22. Be3 Rac8 23. Nd2 g6 24. b3 Qb7 25. Nc4 Bb5 26. Na5 Qb8 27. Qd2 Rc3 28. a3
bxa3 29. Nc6 Bxc6 30. Qxc3 Bxd5 31. Qa5 Bxe4 32. g5 Ba8 33. Qxa6 Nd5 34. Ba7
Qc7 35. Rec1 Qxc1+ 36. Rxc1 Rxc1+ 37. Kh2 Bc6 38. Qxa3 Bxg5 39. Qxd6 Bf4 40.
Bc5 Ne7 0-1

[Event "FIDE World Cup 2019"]
[Site "Khanty-Mansiysk RUS"]
[Date "2019.09.10"]
[Round "1"]
[White "Press, Shaun"]
[Black "Ding, Liren"]
[Result "0-1"]
[WhiteElo "1954"]
[BlackElo "2811"]
[PlyCount "68"]
[EventDate "2019.09.10"]

1. e4 c5 2. Nc3 d6 3. g3 Nc6 4. Bg2 g6 5. d3 Bg7 6. Be3 Rb8 7. Qd2 b5 8. Nge2
b4 9. Nd1 h5 10. h3 e6 11. O-O Nge7 12. f4 a5 13. Rb1 O-O 14. g4 hxg4 15. hxg4
f5 16. exf5 exf5 17. g5 Be6 18. b3 Nd5 19. Bf2 Nd4 20. Nxd4 cxd4 21. Re1 Bf7
22. Nb2 Ne3 23. Bxe3 dxe3 24. Qxe3 Re8 25. Qf2 Rxe1+ 26. Qxe1 Qb6+ 27. Kh2 Re8
28. Qf1 d5 29. Na4 Qd4 30. Kh1 Bf8 31. Rc1 Bd6 32. c3 bxc3 33. Nxc3 Bxf4 34.
Rc2 Qh8+ 0-1

[Event "FIDE World Cup 2019"]
[Site "Khanty-Mansiysk RUS"]
[Date "2019.09.10"]
[Round "1"]
[White "Giri, Anish"]
[Black "Mohammad Fahad, Rahman"]
[Result "1-0"]
[WhiteElo "2780"]
[BlackElo "2250"]
[PlyCount "93"]
[EventDate "2019.09.10"]

1. e4 c5 2. Nf3 d6 3. Bb5+ Bd7 4. Bxd7+ Qxd7 5. c4 Nc6 6. Nc3 Nf6 7. d4 cxd4 8.
Nxd4 e6 9. O-O Rc8 10. Nf3 Be7 11. Qe2 a6 12. Bf4 Qc7 13. c5 Ne5 14. Rac1 Qb8
15. Bxe5 dxe5 16. Na4 O-O 17. b4 Nd7 18. Rfd1 Rfd8 19. g3 Qc7 20. a3 h6 21. h4
Qc6 22. Qc2 a5 23. Rb1 axb4 24. axb4 Qb5 25. Nc3 Qc6 26. Qa4 Qxa4 27. Nxa4 Nf6
28. Nb6 Rxd1+ 29. Rxd1 Rd8 30. Re1 Rd3 31. Nxe5 Rb3 32. Nc8 Bf8 33. Nd6 Rxb4
34. Nexf7 Nd7 35. Rc1 Rd4 36. c6 bxc6 37. Rxc6 Nf6 38. e5 Nd7 39. Rc8 Kh7 40.
h5 g5 41. Rc7 Nb6 42. Nxg5+ Kg8 43. Nxe6 Rd1+ 44. Kg2 Bxd6 45. exd6 Rxd6 46.
Rg7+ Kh8 47. Rg6 1-0

[Event "FIDE World Cup 2019"]
[Site "Khanty-Mansiysk RUS"]
[Date "2019.09.10"]
[Round "1"]
[White "Anwuli, Daniel"]
[Black "Vachier-Lagrave, Maxime"]
[Result "0-1"]
[WhiteElo "2284"]
[BlackElo "2774"]
[PlyCount "102"]
[EventDate "2019.09.10"]

1. c4 Nf6 2. Nc3 e5 3. Nf3 Nc6 4. g3 Bb4 5. Bg2 O-O 6. O-O e4 7. Ng5 Bxc3 8.
bxc3 Re8 9. f3 exf3 10. Nxf3 d5 11. cxd5 Qxd5 12. e3 Bf5 13. Nd4 Be4 14. c4
Qxc4 15. Bb2 Bxg2 16. Rxf6 Nxd4 17. Bxd4 gxf6 18. Kxg2 Qd5+ 19. Kg1 Re6 20.
Qg4+ Qg5 21. Qf3 c6 22. Rf1 Rd8 23. Rf2 a5 24. h4 Qg6 25. Kh2 Rxd4 26. exd4 Qe4
27. Qc3 Qd5 28. Qc5 Rd6 29. Qxd5 Rxd5 30. Rf4 Rb5 31. Kh3 Rb2 32. d5 cxd5 33.
Rd4 Rxa2 34. Rxd5 a4 35. Rb5 Rxd2 36. Rxb7 a3 37. Ra7 a2 38. Kg4 Rf2 39. Kh5
Kg7 40. Kg4 Kg6 41. Ra5 h5+ 42. Kh3 f5 43. Ra6+ Kg7 44. Ra8 Kf6 45. Ra6+ Ke5
46. Ra5+ Kd4 47. Ra7 Kc3 48. Rc7+ Kd2 49. Ra7 Ke1 50. g4 fxg4+ 51. Kg3 Kf1 0-1

[Event "FIDE World Cup 2019"]
[Site "Khanty-Mansiysk RUS"]
[Date "2019.09.10"]
[Round "1"]
[White "So, Wesley"]
[Black "Duran Vega, Sergio"]
[Result "1-0"]
[WhiteElo "2767"]
[BlackElo "2387"]
[PlyCount "89"]
[EventDate "2019.09.10"]

1. c4 e5 2. g3 Nf6 3. Bg2 d5 4. cxd5 Nxd5 5. Nc3 Nb6 6. Nf3 Nc6 7. O-O Be7 8.
d3 O-O 9. Be3 Re8 10. Rc1 Bf8 11. Bg5 f6 12. Be3 Be6 13. Nd2 Rb8 14. Nb3 Qc8
15. Bc5 Bh3 16. Bxh3 Qxh3 17. Nb5 Qc8 18. Nxa7 Nxa7 19. Bxb6 Nc6 20. Bc5 Qh3
21. Bxf8 Rxf8 22. Nc5 Kh8 23. e3 Ne7 24. Rc4 c6 25. Qg4 Qxg4 26. Rxg4 Rfd8 27.
Rd1 Rd5 28. Rc4 Ra8 29. Ra4 Rb8 30. Nb3 Rbd8 31. Kf1 Kg8 32. Ke2 Kf7 33. d4 Nf5
34. f3 exd4 35. e4 Re5 36. Kf2 Ne7 37. Rdxd4 Rxd4 38. Nxd4 f5 39. Ra7 fxe4 40.
Rxb7 Kf6 41. Rb6 exf3 42. Nxc6 Re2+ 43. Kxf3 Rxh2 44. Nxe7+ Kxe7 45. a4 1-0

[Event "FIDE World Cup 2019"]
[Site "Khanty-Mansiysk RUS"]
[Date "2019.09.10"]
[Round "1"]
[White "Gan-Erdene, Sugar"]
[Black "Nepomniachtchi, Ian"]
[Result "0-1"]
[WhiteElo "2407"]
[BlackElo "2776"]
[PlyCount "74"]
[EventDate "2019.09.10"]

1. e4 c5 2. Nf3 d6 3. d4 cxd4 4. Nxd4 Nf6 5. Nc3 a6 6. Be3 e5 7. Nb3 Be7 8. h3
Be6 9. Qf3 O-O 10. O-O-O b5 11. g4 b4 12. Nd5 Nxd5 13. exd5 Bc8 14. Bd3 Nd7 15.
Rhg1 a5 16. Nd2 Qc7 17. Bb5 Ba6 18. Bc6 Rac8 19. Kb1 Bb7 20. Nc4 Bxc6 21. dxc6
Nb8 22. Qd5 Nxc6 23. Nxd6 b3 24. c3 bxa2+ 25. Kxa2 Bxd6 26. Qxd6 Nb4+ 27. cxb4
Qc4+ 28. Ka1 axb4 29. Qd5 Qc2 30. Qa5 Ra8 31. Ba7 b3 32. Qa3 Rfc8 33. Rge1 h6
34. f3 Rc7 35. Bc5 Rxa3+ 36. Bxa3 Ra7 37. Rd8+ Kh7 0-1

[Event "FIDE World Cup 2019"]
[Site "Khanty-Mansiysk RUS"]
[Date "2019.09.10"]
[Round "1"]
[White "Aronian, Levon"]
[Black "El Gindy, Essam"]
[Result "1/2-1/2"]
[WhiteElo "2758"]
[BlackElo "2431"]
[PlyCount "121"]
[EventDate "2019.09.10"]

1. c4 c5 2. Nc3 Nc6 3. g3 g6 4. Bg2 Bg7 5. d3 d6 6. Qd2 Nf6 7. b3 O-O 8. Bb2
Rb8 9. f4 e5 10. Nf3 Nd4 11. O-O b6 12. Rae1 Re8 13. Ng5 Bb7 14. e3 Nf5 15.
Nge4 exf4 16. Rxf4 Nh5 17. Rff1 Nh6 18. Nf2 Bxg2 19. Kxg2 Nf6 20. e4 Nhg4 21.
Nd5 Ne5 22. Bxe5 dxe5 23. g4 h6 24. h4 Nh7 25. Rh1 Rb7 26. Nd1 Nf8 27. N1e3 Ne6
28. Rh2 Rd7 29. Kh1 Nf4 30. Rf1 Rd6 31. Rf3 Qd7 32. Qd1 a6 33. Qf1 b5 34. g5 h5
35. Nxf4 exf4 36. Nd5 Be5 37. Rxf4 bxc4 38. bxc4 Rb8 39. Rff2 Bxh2 40. Rxh2
Rdb6 41. Nxb6 Rxb6 42. Rd2 Qg4 43. Qe1 a5 44. Kh2 Qf4+ 45. Kg2 a4 46. Qf2 Qe5
47. Qf3 a3 48. Rf2 Qe6 49. Qg3 Kg7 50. Kf3 Kg8 51. Kg2 Rb1 52. Qf4 Qd7 53. Kh2
Rb7 54. Qe5 Qg4 55. Qe8+ Kg7 56. Qe5+ Kh7 57. Qg3 Qd1 58. Qe5 Qg4 59. Qg3 Qd7
60. Qe5 Qg4 61. Qg3 1/2-1/2

[Event "FIDE World Cup 2019"]
[Site "Khanty-Mansiysk RUS"]
[Date "2019.09.10"]
[Round "1"]
[White "Rakotomaharo, Fy Antenaina"]
[Black "Mamedyarov, Shakhriyar"]
[Result "0-1"]
[WhiteElo "2428"]
[BlackElo "2767"]
[PlyCount "80"]
[EventDate "2019.09.10"]

1. e4 c6 2. d4 d5 3. Nc3 g6 4. Nf3 Bg7 5. Be2 Bg4 6. Be3 e6 7. Qd2 Nd7 8. a4
Ne7 9. Bh6 O-O 10. Bxg7 Kxg7 11. O-O Nf6 12. exd5 cxd5 13. Ne5 Bxe2 14. Nxe2
Ne4 15. Qb4 Qc7 16. Ng3 a5 17. Qb5 Nd6 18. Qe2 Rae8 19. Rfc1 f6 20. c4 Qd8 21.
Nf3 dxc4 22. Qxe6 Nc6 23. Qg4 Nb4 24. d5 f5 25. Qd4+ Qf6 26. b3 cxb3 27. Rab1
Rc8 28. Re1 Rfe8 29. Qxf6+ Kxf6 30. Rxe8 Nxe8 31. Rxb3 Rc1+ 32. Nf1 Nd6 33. Re3
Ne4 34. d6 Nxd6 35. Nd4 Nc4 36. Re2 Nd5 37. Nb3 Rb1 38. Nc5 b6 39. Nd7+ Kf7 40.
g3 Rc1 0-1

[Event "FIDE World Cup 2019"]
[Site "Khanty-Mansiysk RUS"]
[Date "2019.09.10"]
[Round "1"]
[White "Dominguez Perez, Leinier"]
[Black "Escobar Forero, Alder"]
[Result "1-0"]
[WhiteElo "2763"]
[BlackElo "2504"]
[PlyCount "107"]
[EventDate "2019.09.10"]

1. e4 c5 2. Nf3 e6 3. d4 cxd4 4. Nxd4 Nf6 5. Nc3 Nc6 6. Nxc6 bxc6 7. e5 Nd5 8.
Ne4 f5 9. exf6 Nxf6 10. Nd6+ Bxd6 11. Qxd6 Ba6 12. Bxa6 Qa5+ 13. Bd2 Qxa6 14.
f3 Kf7 15. a3 Rhe8 16. O-O-O Rab8 17. Bc3 Rb7 18. Rhe1 Qb6 19. Qf4 Kg8 20. Qg5
Qd8 21. f4 Qe7 22. Bb4 Qf7 23. Bd6 Rb5 24. Qg3 Rd5 25. Qe3 a5 26. a4 Qg6 27.
Qf3 Rxd1+ 28. Kxd1 Qg4 29. Qxg4 Nxg4 30. f5 Kf7 31. fxe6+ dxe6 32. Bc7 Ra8 33.
Kd2 Ra7 34. Bb6 Ra6 35. Bg1 Nf6 36. Kd3 Nd7 37. Bd4 Ra8 38. Kc4 Rb8 39. b3 Rb4+
40. Kd3 Rb8 41. Bc3 Ra8 42. Re3 Nb6 43. Rf3+ Kg8 44. Kd4 Nd7 45. Kc4 Ra7 46.
Rd3 Nb6+ 47. Kc5 Nd5 48. Bd2 Ra6 49. Kd6 Nf6 50. Kc7 Ra8 51. Rd8+ Rxd8 52. Kxd8
e5 53. Bxa5 e4 54. Be1 1-0

[Event "FIDE World Cup 2019"]
[Site "Khanty-Mansiysk RUS"]
[Date "2019.09.10"]
[Round "1"]
[White "Pultinevicius, Paulius"]
[Black "Grischuk, Alexander"]
[Result "0-1"]
[WhiteElo "2503"]
[BlackElo "2759"]
[PlyCount "72"]
[EventDate "2019.09.10"]

1. d4 Nf6 2. c4 e6 3. Nf3 d5 4. Nc3 c6 5. Bg5 h6 6. Bxf6 Qxf6 7. e3 Nd7 8. Bd3
dxc4 9. Bxc4 g6 10. e4 e5 11. dxe5 Nxe5 12. Nxe5 Qxe5 13. Qb3 Qe7 14. O-O Bg7
15. Kh1 O-O 16. f4 a5 17. e5 Bf5 18. Ne2 Qb4 19. Ng3 Qxb3 20. axb3 Bd7 21. Ne4
b5 22. Nc5 Bf5 23. Be2 Rfd8 24. Bf3 Rd2 25. b4 a4 26. b3 a3 27. Bxc6 Ra7 28.
Bxb5 a2 29. Bc6 Bf8 30. Rfc1 Rb2 31. g4 Bxg4 32. Be4 Re2 33. Bd3 Bf3+ 34. Kg1
Rg2+ 35. Kf1 Rxh2 36. Ke1 Be7 0-1

[Event "FIDE World Cup 2019"]
[Site "Khanty-Mansiysk RUS"]
[Date "2019.09.10"]
[Round "1"]
[White "Radjabov, Teimour"]
[Black "Ziska, Helgi Dam"]
[Result "1-0"]
[WhiteElo "2758"]
[BlackElo "2533"]
[PlyCount "61"]
[EventDate "2019.09.10"]

1. d4 Nf6 2. c4 g6 3. Nf3 Bg7 4. g3 O-O 5. Bg2 d6 6. O-O c6 7. Nc3 Qa5 8. Bd2
Qa6 9. b3 d5 10. cxd5 cxd5 11. b4 Bf5 12. Qb3 Qd6 13. b5 Ne4 14. Bf4 Qd8 15.
Rfc1 e6 16. Nxe4 Bxe4 17. Qb4 a5 18. Qd2 Qb6 19. Ne5 Bxg2 20. Kxg2 f6 21. Nd3
Nd7 22. Nc5 Nxc5 23. Rxc5 Rfc8 24. Rac1 Rxc5 25. Rxc5 e5 26. Be3 Rd8 27. Qc3
Bf8 28. Rc8 Rxc8 29. Qxc8 exd4 30. Bh6 Qd6 31. b6 1-0

[Event "FIDE World Cup 2019"]
[Site "Khanty-Mansiysk RUS"]
[Date "2019.09.10"]
[Round "1"]
[White "Iljiushenok, Ilia"]
[Black "Artemiev, Vladislav"]
[Result "1/2-1/2"]
[WhiteElo "2540"]
[BlackElo "2746"]
[PlyCount "68"]
[EventDate "2019.09.10"]

1. e4 c6 2. d4 d5 3. e5 Bf5 4. Nc3 Qc8 5. Be3 h6 6. h4 e6 7. h5 Bb4 8. g4 Bh7
9. Bd3 Bxc3+ 10. bxc3 Nd7 11. Bxh7 Rxh7 12. Qd3 Rh8 13. f4 Ne7 14. Nf3 Qc7 15.
f5 c5 16. Nh4 cxd4 17. cxd4 Rc8 18. fxe6 fxe6 19. Ng6 Rg8 20. Nxe7 Kxe7 21. O-O
Qc3 22. Bd2 Qxd3 23. cxd3 Rc2 24. Bb4+ Kd8 25. Rf2 Rxf2 26. Kxf2 Nb8 27. Bd6
Nc6 28. Ke3 g6 29. hxg6 Rxg6 30. Rf1 Rxg4 31. Rf8+ Kd7 32. Rf7+ Kc8 33. Rf8+
Kd7 34. Rf7+ Kc8 1/2-1/2

[Event "FIDE World Cup 2019"]
[Site "Khanty-Mansiysk RUS"]
[Date "2019.09.10"]
[Round "1"]
[White "Yu, Yangyi"]
[Black "Ghaem Maghami, Ehsan"]
[Result "1-0"]
[WhiteElo "2763"]
[BlackElo "2544"]
[PlyCount "73"]
[EventDate "2019.09.10"]

1. d4 d5 2. Nf3 Nf6 3. c4 dxc4 4. e3 a6 5. Bxc4 b5 6. Bd3 Bb7 7. O-O e6 8. Qe2
Be7 9. e4 Nbd7 10. Nc3 c5 11. d5 c4 12. Bc2 exd5 13. e5 Ne4 14. Rd1 Nxc3 15.
bxc3 Nc5 16. Nd4 g6 17. a4 O-O 18. Rb1 Qd7 19. axb5 Rfe8 20. b6 Bd6 21. f4 f6
22. Nf3 Qc6 23. Ba3 Bf8 24. Qe3 Rac8 25. Nd4 Qd7 26. Qg3 fxe5 27. Bf5 Qf7 28.
fxe5 Ne4 29. Bxe4 Bxa3 30. Bf5 Rcd8 31. Rf1 Bc5 32. Kh1 Bxd4 33. cxd4 Qe7 34.
Bxg6 hxg6 35. Rf6 Qh7 36. Rxg6+ Kh8 37. Qg5 1-0